Využívanie inteligentných technológií pri pretypovaní výrobného systému podniku

Analýza súčasného stavu uplatňovania inteligentných technológií vo vybraných výrobných procesoch podniku.

Na minha lista:
Detalhes bibliográficos
Autor principal: Závadská, Zuzana
Outros Autores: Korenková, Veronika
Formato: Capítulo de Livro
Idioma:eslovaco
Assuntos:
Tags: Adicionar Tag
Sem tags, seja o primeiro a adicionar uma tag!

MARC

LEADER 00000naa a2200000 4500
001 0241916
005 20221104111351.0
041 0 |a slo 
044 |a SK 
245 1 0 |a Využívanie inteligentných technológií pri pretypovaní výrobného systému podniku  |c Zuzana Závadská, Veronika Korenková 
520 |a Analýza súčasného stavu uplatňovania inteligentných technológií vo vybraných výrobných procesoch podniku. 
610 2 0 |a proces výrobný 
610 2 0 |a technológie informačné 
610 2 0 |a technológie znalostné 
610 2 0 |a systémy operačné 
610 2 0 |a inovácia 
610 2 0 |a podnik výrobný 
610 2 0 |a analýza empirická 
100 1 |a Závadská, Zuzana 
700 1 |a Korenková, Veronika